| 000 | 01175nas a2200373 4500 | ||
|---|---|---|---|
| 001 | BR2013004581 | ||
| 003 | BR-BrBNA | ||
| 005 | 20231205122445.0 | ||
| 007 | ta | ||
| 008 | 230509b bl.|||p| |||| 00| 00por d | ||
| 040 |
_aBR-BrBNA _bpor _cBiblioteca Nacional de Agricultura |
||
| 041 | _a(Pt) | ||
| 072 | _aL73 | ||
| 100 | 1 | _aCastro, V. | |
| 100 | 1 | _aAzevedo, S.S. | |
| 100 | 1 | _aGotti, T.B. | |
| 100 | 1 | _aBatista, C.S.A. | |
| 100 | 1 | _aGentili, J. | |
| 100 | 1 | _aMorais, Z.M. | |
| 100 | 1 | _aVasconcellos, S.A. | |
| 100 | 1 | _aGenovez, M.E. | |
| 100 | 1 | _a | |
| 100 | 1 | _a | |
| 245 | 1 | _aFatores de risco para a leptospirose em fêmeas bovinas em idade reprodutiva no Estado de São Paulo | |
| 246 | 1 | _aRisk factors to leptospirosis in cows in São Paulo state, Brazil | |
| 650 | _aBOVINO | ||
| 650 | _aLEPTOSPIROSE | ||
| 650 | _aDOENÇA ANIMAL | ||
| 650 | _aBACTÉRIA | ||
| 773 | 0 |
_tArquivo Brasileiro de Medicina Veterinária e Zootecnia (Brazil) _xISSN 0102-0935 _g(Dec 2009), v. 61(6) p. 1438-1442 _wBR2013004581 |
|
| 856 | 4 | 0 | _uhttp://www.scielo.br/pdf/abmvz/v61n6/v61n6a26.pdf |
| 909 |
_a202311 _bLúcia _c55 _dLúcia Elande |
||
| 942 |
_2AGRIS _n0 _cANA |
||
| 999 |
_c228747 _d228747 |
||